000 00486nam a2200145Ia 4500
008 100415s9999 xx 000 0 und d
082 _b3859
_a574
100 _aA.M.N
245 _aAnnals And Magazine Of Natural History,10th Series Vol.20 1937
260 _aLONDON
_c1937
_bTaylor & Francis Ltd.
365 _b0
630 _aAnnals And Magazine Of Natural History,10th Series Vol.20 1937
730 _aAnnals And Magazine Of Natural History,10th Series Vol.20 1937
942 _cBOOK
999 _c586846
_d586843